000 00318 a2200145 4500
001 47456
020 _a9788596000086
040 _cAnchieta - Aquarius
240 1 0 _aComo mudar o mundo?
_lpor
245 1 0 _aComo mudar o mundo?
300 _a93
362 0 _a2015
650 4 _aLiteratura infanto-juvenil
942 _cBK
999 _c47456
_d47456